[Event "Pan American-ch Seniors 50"]
[Site "St Croix"]
[Date "2018.12.08"]
[Round "2"]
[White "Brown, Clark"]
[Black "O'Neill, Julie Anne"]
[Result "0-1"]
[WhiteElo "1723"]
[BlackElo "1692"]
[PlyCount "35"]
[EventDate "2018.12.08"]
[EventType "swiss"]
[EventRounds "9"]
[EventCountry "ISV"]
[SourceTitle "CBM 188 Extra"]
[Source "ChessBase"]
[SourceDate "2019.02.26"]
[SourceVersion "1"]
[SourceVersionDate "2019.02.26"]
[SourceQuality "1"]

1. d4 Nf6 2. c4 c5 3. d5 b5 4. e3 d6 5. Nc3 b4 6. Nb1 g6 7. a3 Na6 8. Bd2 Ne4 9. Bd3 Nxd2 10. Nxd2 Bg7 11. Qc2 0-0 12. Ngf3 Rb8 13. Rb1 Qb6 14. 0-0 Bd7 15. Rbe1 Qc7 16. Rb1 Rb7 17. a4 b3 18. g4 0-1

[Event "Pan American-ch Seniors 50"]
[Site "St Croix"]
[Date "2018.12.08"]
[Round "1"]
[White "Fields, Paul H"]
[Black "Brown, Clark"]
[Result "1-0"]
[WhiteElo "2242"]
[BlackElo "1723"]
[PlyCount "121"]
[EventDate "2018.12.08"]
[EventType "swiss"]
[EventRounds "9"]
[EventCountry "ISV"]
[SourceTitle "CBM 188 Extra"]
[Source "ChessBase"]
[SourceDate "2019.02.26"]
[SourceVersion "1"]
[SourceVersionDate "2019.02.26"]
[SourceQuality "1"]

1. b3 Nf6 2. Bb2 d5 3. e3 g6 4. f4 Bg7 5. Nf3 Bf5 6. Be2 Nc6 7. 0-0 Qd7 8. Na3 0-0 9. Nb5 Ne4 10. Bxg7 Kxg7 11. d3 Nd6 12. Nc3 Be6 13. e4 d4 14. Nb1 f6 15. a4 Bg8 16. Kh1 e5 17. g3 Rae8 18. Nbd2 Nf7 19. f5 Nh6 20. Nh4 g5 21. Ng2 Kh8 22. h3 Qg7 23. Ne1 Nb4 24. Rf2 c5 25. Nf1 b6 26. Nh2 Qb7 27. Qd2 Nf7 28. Ng2 Nd6 29. Rg1 Re7 30. Ne1 Rg7 31. Bf3 Qe7 32. Kg2 Bf7 33. Qe2 Na2 34. g4 Nc3 35. Qd2 Nb1 36. Qc1 Nc3 37. Nf1 Na2 38. Qd2 Nc3 39. Ng3 Nb1 40. Qc1 Nc3 41. Rh1 h6 42. Kf1 Rh7 43. Rfh2 Kg7 44. h4 Rfh8 45. Qd2 Nb1 46. Qg2 a6 47. Rh3 b5 48. axb5 axb5 49. R1h2 Kf8 50. Be2 Qe8 51. Qh1 Kg7 52. hxg5 fxg5 53. f6+ Kg6 54. Nf5 Nxf5 55. exf5+ Kxf6 56. Rxh6+ Rxh6 57. Rxh6+ Rxh6 58. Qxh6+ Ke7 59. Qxg5+ Kf8 60. Bf3 Nd2+ 61. Qxd2 1-0